000 00438nam a2200181Ia 4500
001 15606
005 20260306170208.0
008 260306t2013||||xx |||||||||||||| ||und||
041 _aESP
082 _a551
_bT22
100 _aTarbuck, Edward J.
_eAUT
245 0 _aCiencias de la tierra:
_buna introducción a la geología física
260 _c2013
300 _a
_c
650 _aGEN
654 _aCIC
942 _cLIB
_dJUS
_fJUS
_2ddc
_n
999 _c15606
_d15606